Celebrities Revealing Celebrities - Statistics

General Stats
  • This quiz has been taken 14,598 times
  • The average score is 13 of 21
Answers on the Map
Answers color-coded by a green-red scale on the quiz's map according to % correct below.
 
Answer Stats
Answer % Correct
Taylor Swift
93%
Lionel Messi
90%
Harry Styles
86%
Selena Gomez
86%
Tom Cruise
86%
Beyoncé
84%
Serena Williams
84%
Zendaya
84%
Jenna Ortega
69%
Daniel Craig
67%
Lizzo
63%
Channing Tatum
60%
Donald Glover
55%
Jeremy Renner
54%
Noah Schnapp
44%
Dave Bautista
43%
Kendrick Lamar
37%
Zoe Saldana
34%
Sigourney Weaver
26%
Viola Davis
23%
Janelle Monáe
14%
No matching quizzes found
Score Distribution
Percent of People with Each Score
Percentile by Number Answered
Your Score History
You have not taken this quiz